000
00355nam a2200121Ia 4500
003
GCL
008
140319s9999 xx 000 0 ara d
040
_a
GCL /
_c
GCL
082
0
4
_a
ط
_b
372.52
_b
ش ك
100
1
_a
شركة رشاد برس
245
1
0
_a
كتابى الثانى /
_c
شركة رشاد برس
490
_a
سلسلة التلوين للصغار
_v
0
999
_c
51209
_d
51209